00775nam a2200217Ia 4500003000900000008004100009040001600050080001900066100003100085245007300116260003800189300001400227490005400241650004100295650003000336650002200366700002700388942000700415999001500422952012000437IN-BaIIA211028s9999 xx 000 0 eng d cIIA Library a524.3-852bWOO aWoolley, R. V. D. R.91449 4aThe outer layers of a starcWoolley R. V. D. R. and Stibbs, D. W. N. aOxfordbThe Clarendon Pressc1953 axi, 306p. aThe International series of monographs on physics aAstronomy and astrophysics thesaurus aStellar atmospheres91135 aStellar evolution aStibbs, D. W. N.95593 cBK c3152d3152 00104070aBANbBANcGENd1968-12-28g58.55l0o524.3-852/ WOOp3505r2021-11-05v58.55w1968-12-28yBKGRs. 58.55